000 01440nam a2200361 i 4500
001 768714001
003 CO-MdFUSB
005 20250709084733.0
007 ta
008 250704t2024 --us |||| |||| 00| 0 spa d
020 _a9780789926883
040 _aCO-MdFUSB
_bspa
_cCO-MdFUSB
_dCO-MdFUSBC
_erda
041 _aspa
_heng
082 _223
_a248.4
_bEL37
100 _aEldredge, John,
_eautor
240 _aResilient
245 _aResiliente :
_brestaura tu alma agotada en estos tiempos turbulentos
_c/ John Eldredge ; traducido por Concepción Ramos ; editado por Nancy Pineda
250 _aprimera edición
264 _bUnilit,
_aFlorida, Estados Unidos :
_c[2024]
300 _a237 páginas
_c; 22 cm
336 _2rdacontent
_atexto
_btxt
337 _2rdamedia
_asin mediación
_bn
338 _2rdacarrier
_avolumen
_bnc
505 _aSólo quiero que la vida sea buena de nuevo. -- ¿Dónde estamos? ¿Qué sucede? -- La fuerza que prevalece. -- La gloria del Edén, no la desolación. -- La seguridad de la abundancia. -- Lugares inconversos. -- El reino sin el Rey. -- El pozo profundo dentro de nosotros. -- Tu receta. -- ¡Resiste!
563 _aRústico
650 0 _aVida cristiana
_919
650 0 _aVida espiritual
_951
650 0 _aResiliencia
_b(Psicología)
_9318
700 _aRamos, Concepción,
_911677
_etraductor
700 _aPineda, Nancy,
_98516
_eeditor
942 _cBK
945 _aJTF-925
999 _c71345
_d71345